000 nam a22 7a 4500
999 _c27562
_d27561
003 OSt
005 20170518104629.0
008 170510b xxu||||| |||| 00| 0 eng d
040 _aMMU
_beng
_cMMU
_dMMU
050 _aBF723 .P25M4 1967
100 _aMedinnus, Gene R.
245 _aReadings in the psychology of parent-child relations
_cGene R. Medinnus
260 _aNew York :
_bJohn Wiley& sons ,
_c1967
300 _aix, 371 p.
500 _aIncludes index
650 _aParent-child psychology
942 _2lcc
_cLOAN LOAN